Older persons and their families in a changing village society: a perspective from Zaire
Сохранить в:
| Главный автор: | |
|---|---|
| Формат: | |
| Язык: | английский |
| Опубликовано: |
Washington, D.C
International Federation on Ageing
1984
Washington, D.C World Council of Churches Office of Family Education 1984 |
| Предметы: | |
| Метки: |
Добавить метку
Нет меток, Требуется 1-ая метка записи!
|
MARC
| LEADER | 00000nam a2200000 a 4500 | ||
|---|---|---|---|
| 001 | UCZ8432 | ||
| 003 | CL-VaPUC | ||
| 008 | 960121e19840000US |||||||||||||||||eng|d | ||
| 082 | 0 | 4 | |a 305.26 |b MAS |2 21 |
| 100 | |a Masamba, ma Mpolo |e autor |9 353714 | ||
| 245 | 1 | 0 | |a Older persons and their families in a changing village society: a perspective from Zaire |
| 300 | |a 49 p | ||
| 942 | |c BK | ||
| 945 | |d 19960121 00:00:00 |a cmena | ||
| 260 | |a Washington, D.C |b International Federation on Ageing |c 1984 | ||
| 260 | |a Washington, D.C |b World Council of Churches Office of Family Education |c 1984 | ||
| 650 | 0 | |a Vejez |9 307287 | |
| 650 | 0 | |a Ancianos |9 307293 | |
| 650 | 0 | |a Familias |9 255641 | |
| 650 | 0 | |a Integración social |9 319662 | |
| 650 | 0 | |a Problemas sociales |9 258537 | |
| 650 | 0 | |a Cambio social |9 256857 | |
| 650 | 0 | |a Ciencias sociales |v Investigación |9 307767 | |
| 651 | 7 | |a ZAIRE |2 CL-VaPUC |9 353716 | |
| 583 | |a last modification |c 20130414 12:34:06 |k Rodrigo Vera | ||
| 999 | |c 244346 |d 244344 | ||
| 952 | |0 0 |1 0 |4 0 |6 305_260000000000000_MAS_1984_1984 |7 0 |8 P |9 258357 |a BIBEDU |b BIBEDU |c BIBEDU_PB |d 2019-11-19 |i 161598K |o 305.26 MAS 1984 1984 |p 161598K |r 2024-01-25 |w 2019-11-19 |y BK |k EDU | ||